| 000 | 00660aam a2200277 4500 | ||
|---|---|---|---|
| 005 | 20250618091349.0 | ||
| 008 | 150721b xxu||||| |||| 00| 0 spa d | ||
| 020 | _a9788420471839 | ||
| 041 | _aESP | ||
| 082 | _aCO 863 G216ci | ||
| 100 |
_aGarcía Márquez, Gabriel _93407 |
||
| 245 | _aCien años de soledad | ||
| 260 | _aEspaña | ||
| 260 | _bDiana | ||
| 260 | _c2007 | ||
| 300 | _a606 páginas | ||
| 490 | _aTemática General | ||
| 650 | _aLITERATURA COLOMBIANA | ||
| 650 | _aNOVELA COLOMBIANA | ||
| 650 | _aAMOR | ||
| 650 | _aSOLEDAD | ||
| 650 | _aTIEMPO CÍCLICO | ||
| 650 | _aINCESTO | ||
| 650 | _aREALISMO MÁGICO | ||
| 942 |
_cLIT _2ddc |
||
| 999 |
_c230 _d230 |
||